000 00426cam a2200157ua 4500
003 OSt
008 240222b |||||||| |||| 00| 0 eng d
041 _aeng
082 _a620
_bSIE/EN
100 _aSieflex, .
_91486
245 _aEngineering Industry & Technology : Survey 1991-92/
260 _aMadras
_bVadamalai Media ,
_c1992.
300 _a369 ; .
500 _aSieflex - Pioneers in Robotic Technology
942 _cBK
999 _c5383
_d5383